Stranger Thing Characters - Statistics

General Stats
  • This quiz has been taken 39 times
    29 since last reset
  • The average score is 15 of 18
Answer Stats
Description Character % Correct
Character that plays D&D and wears a baseball capMale Boyfriend of a nerd Curly-Hair Dustin Henderson
100%
Escapee of Hawkins LabFemale Girlfriend of character who can't say "I love you" Shaved Head Powers Eleven/Jane Hopper
100%
Character that plays D&D and can't say "I love you" to his girlfriendMale Boyfriend of above Dora Hair Bob Mike Wheeler
100%
Character who is the school clown and a guitaristMale Almost the boyfriend of a cheerleader Mullet fashion Eddie Munson
96%
Character that plays D&D and is bl@ckMale Boyfriend of a ginger haired girl Fresh Cut Lucas Sinclar
96%
Character that almost gets taken by VecnaFemale Girlfriend of 2 above Ginger Straight Hair Max Mayfield
96%
Character who is like a mom to 3 above and has amazing hairMale S1 boyfriend of older sister of 6 above Shorter Mullet than above Steve Harrington
96%
Character that plays D&D and is gayMale Crushing on above Bowl Cut Will Byers
96%
Cheerleader and early death in S4Female Almost the girlfriend of 4 above Ginger, high ponytail Chrissy Cunningham
88%
Older sister of 8 aboveFemale S1 boyfriend: 2 above. S2-S4 boyfriend: above Curly hair Nancy Wheeler
83%
Ex-Worker of Scoops Ahoy and LesbianFemale Crushing on a girl not on this list Short, Blonde, Wavy hair Robin Buckley
83%
Character that works at Surfer Boy PizzaMale Single Rapunzel Long Black Hair Argyle
75%
Monster from S1Gender unknown Single Flower Head/ No Hair Demogorgon
75%
Monster from S4Male Single Bald in monster form Vecna/Henry/001
75%
Bully of 8 aboveFemale Girlfriend of another bully Ponytail and Bangs Angela
71%
Sister of 9 above and rudeFemale Single Idk how to explain her haircut Erica Sinclar
71%
Best Friend 4 above, wears glasses, and early death in S1Female Single Short, Ginger Bob Barb
67%
Older Brother of 6 above and photographerMale S2-S4 Boyfriend of older sis of 7 above Longer bowl cut Johnathan Byers
29%
No matching quizzes found
Score Distribution
Percent of People with Each Score
Percentile by Number Answered
Your Score History
You have not taken this quiz since the last reset